00426nam a2200145 i 4500001001100000003000500011005001700016008004100033040002500074245004800099264006400147336002100211337002500232338002300257C2-0312616PPAK20180729001235.0111016s2006 my |||| ||||| | eng d aPPAKbengcPPAKerda00aBrother bear 2 bThe moose are on the loose 1a[Kuala Lumpur] : bWalt Disney Home Entertaiment , c[2006] 2rdacontentatext 2rdamediaaunmediated 2rdacarrieravolume